• 首页
  • 本馆介绍
  • 公告通知
  • 最新文献
  • 馆藏检索
  • 电子资源
  • 读者导购
  • 参考咨询
  • 我的图书馆
  • 登录
  • 详细信息显示
  • 放入我的书架
  • 预约/预借图书
  • 作者相关作品
  • 分类相关作品
  • 丛书相关作品
  • 出版社相关作品

书目信息

  • 表格格式
  • 工作单格式
  • 卡片格式
题名:
基础工程手册
    
 
作者: 温特科恩 , 方晓阳 , Fang , Winterkorn 主编 ;钱鸿缙 译
分册:  
出版信息: 北京   中国建筑工业出版社  1983
页数: 962页
开本: 25cm
丛书名:
单 册:
中图分类: TU4-62 , TU47-62
科图分类:
主题词: 土力学 , 地基--基础(工程) , 基础(工程)--手册
电子资源:
ISBN:
000 01087nam0 2200337 45
001 0183004735
005 20060819082445.23
010    @dCNY7.05@b精装
091    @a15040.4301
100    @a19950930d1983 em y0chiy0121 ea
101 1  @achi@ceng
102    @aCN@b110000
105    @ay z 000yy
200 10 @a基础工程手册@Aji chu gong cheng shou ce@f(美)H.F.温特科恩,(美)H.Y.方晓阳主编@F(Mei)H.F.Wen Te Ke En,(Mei)H.Y.Fang Xiao Yang Zhu Bian@g钱鸿缙等译
210    @a北京@c中国建筑工业出版社@d1983
215    @a962页@d25cm
300    @a书名原文:Foundation engineering handbook
510 1  @aFoundation engineering handbook@zeng
606 0  @a土力学
606 0  @a地基@x基础(工程)
606    @a基础(工程)@x手册
690    @aTU4-62
690    @aTU47-62@v3
701  1 @a温特科恩@Awen te ke en@bH.F.@4主编
701  1 @a方晓阳@Afang xiao yang@bH.Y.@4主编
701 A1 @aFang@bH.Y.@4主编
701 A1 @aWinterkorn@bH.F.@4主编
702  0 @a钱鸿缙@Aqian hong jin@4译
801  2 @aCN@bNLC@c20060819
801  0 @aCN@b上海图书馆@c20040923
905    @f1@b105431@dTU4-62@e42
    
    基础工程手册/(美)H.F.温特科恩,(美)H.Y.方晓阳主编/钱鸿缙等译.-北京:中国建筑工业出版社,1983
    962页;25cm
    书名原文:Foundation engineering handbook
    
    ISBN (精装):CNY7.05
    
●
相关链接 在E读中查询图书 在五车中查询图书 在当当中查询图书 在豆瓣中查询图书


正题名:基础工程手册     索取号:TU4-62/42         预约/预借

序号 登录号 条形码 馆藏地/架位号 状态 备注
1 0105431   000562046   工具书阅览室/ [索取号:TU4-62/42] 在馆    
2 0105432   000562064   第二样本阅览室/ [索取号:TU4-62/42] 在馆    
3 0458900   204589007   密集书库/ [索取号:TU4-62/42] 在馆    
唐山师范学院图书馆 欢迎您!
大连网信软件有限公司© 版权所有